Developmental mathematics (Record no. 63513)

MARC details
000 -LEADER
fixed length control field 01032nam a2200193 a 4500
008 - FIXED-LENGTH DATA ELEMENTS--GENERAL INFORMATION
fixed length control field 120416s1987 ||||||||||||||||| || u
050 ## - LIBRARY OF CONGRESS CALL NUMBER
Classification number QA 152.2 Joh
100 ## - MAIN ENTRY--PERSONAL NAME
Personal name Hughes, Gale M
245 10 - TITLE STATEMENT
Title Developmental mathematics
250 ## - EDITION STATEMENT
Edition statement 2nd. ed.
260 ## - PUBLICATION, DISTRIBUTION, ETC.
Place of publication, distribution, etc. Belmont
Name of publisher, distributor, etc. Wadsworth Publishing Company
Date of publication, distribution, etc. 1987
300 ## - PHYSICAL DESCRIPTION
Extent ix, 534p. : ill.
350 ## -
-- 0.00
700 ## - ADDED ENTRY--PERSONAL NAME
Personal name Johnston, C. L
995 ## -
-- ANNEX COLLECTION (Main Library)
-- 0.00
-- 723063
-- CBU-MAIN LIBRARY (Kitwe)
-- 1
-- 29.60
-- QA 152.2 Joh
-- 3
-- AVAILABLE
-- 020591
-- Annex Low-Usage Collection
995 ## -
-- MAIN LIBRARY OPEN ACCESS
-- 0.00
-- 723066
-- CBU-MAIN LIBRARY (Kitwe)
-- 3
-- 29.60
-- QA 152.2 Joh
-- 4
-- AVAILABLE
-- 025582
-- Main Library Open Access Collection
995 ## -
-- MAIN LIBRARY OPEN ACCESS
-- 0.00
-- 723065
-- CBU-MAIN LIBRARY (Kitwe)
-- 2
-- 29.60
-- QA 152.2 Joh
-- 2
-- DAMAGED
-- 010998
-- Main Library Open Access Collection
995 ## -
-- ANNEX COLLECTION (Main Library)
-- 0.00
-- 723064
-- CBU-MAIN LIBRARY (Kitwe)
-- 4
-- 29.60
-- QA 152.2 Joh
-- 1
-- AVAILABLE
-- 010997
-- Annex Low-Usage Collection
999 ## -
-- 63513
-- 63513
Holdings
Withdrawn status Lost status Source of classification or shelving scheme Damaged status Not for loan Permanent Location Current Location Shelving location Date acquired Total Checkouts Full call number Barcode Date last seen Copy number Price effective from Koha item type
          CBU-MAIN LIBRARY, KITWE. CBU-MAIN LIBRARY, KITWE.   12/27/2022   QA 152.2 Joh 020591 12/27/2022 3 12/27/2022 MONOGRAPH
          CBU-MAIN LIBRARY, KITWE. CBU-MAIN LIBRARY, KITWE.   12/27/2022   QA 152.2 Joh 025582 12/27/2022 4 12/27/2022 MONOGRAPH
          CBU-MAIN LIBRARY, KITWE. CBU-MAIN LIBRARY, KITWE.   12/27/2022   QA 152.2 Joh 010998 12/27/2022 2 12/27/2022 MONOGRAPH
          CBU-MAIN LIBRARY, KITWE. CBU-MAIN LIBRARY, KITWE.   12/27/2022   QA 152.2 Joh 010997 12/27/2022 1 12/27/2022 MONOGRAPH